Синтез Ω-замещенных жирных кислот и их эфиров с использованием циклических кетонов; V Всероссийская с международным участием конференция по органической химии

Библиографические подробности
Источник:V Всероссийская с международным участием конференция по органической химии.— 2018.— [С. 429]
Другие авторы: Подрезова Е. В. Екатерина Владимировна, Ларькина М. С. Мария Сергеевна, Жданкин В. В. Виктор Владимирович, Юсубов М. С. Мехман Сулейман-оглы (Сулейманович)
Примечания:Заглавие с экрана
Язык:русский
Опубликовано: 2018
Предметы:
Online-ссылка:http://cs.hetchem.ru/-/gIrIORUk0xK777zvaPJXHQ/sv/document/f0/7f/8b/293596/520/ROCC-V%20abstracts.pdf#page=394
Формат: Электронный ресурс Статья
Запись в KOHA:https://koha.lib.tpu.ru/cgi-bin/koha/opac-detail.pl?biblionumber=659767

MARC

LEADER 00000naa0a2200000 4500
001 659767
005 20251204143513.0
035 |a (RuTPU)RU\TPU\network\28563 
035 |a RU\TPU\network\28562 
090 |a 659767 
100 |a 20190328d2018 k y0rusy50 ca 
101 0 |a rus 
102 |a RU 
135 |a drcn ---uucaa 
181 0 |a i  
182 0 |a b 
200 1 |a Синтез Ω-замещенных жирных кислот и их эфиров с использованием циклических кетонов  |f Е. В. Подрезова, М. С. Ларькина, В. В. Жданкин, М. С. Юсубов 
203 |a Текст  |c электронный 
300 |a Заглавие с экрана 
320 |a [Библиогр.: с. 429 (5 назв.)] 
463 1 |t V Всероссийская с международным участием конференция по органической химии  |o сборник тезисов, Владикавказ, 10-14 Сентября 2018, Республика Северная Осетия  |v [С. 429]  |d 2018 
610 1 |a электронный ресурс 
610 1 |a труды учёных ТПУ 
610 1 |a жирные кислоты 
610 1 |a эфиры 
610 1 |a кетоны 
610 1 |a синтез 
701 1 |a Подрезова  |b Е. В.  |c химик  |c научный сотрудник Томского политехнического университета, кандидат химических наук  |f 1992-  |g Екатерина Владимировна  |y Томск  |3 (RuTPU)RU\TPU\pers\36903  |9 19932 
701 1 |a Ларькина  |b М. С.  |g Мария Сергеевна  |f 1984-  |c провизор  |c профессор; старший научный сотрудник Томского политехнического университета, доктор фармацевтических наук  |3 (RuTPU)RU\TPU\pers\46780  |9 22416 
701 1 |a Жданкин  |b В. В.  |c химик  |c профессор Томского политехнического университета, доктор химических наук  |f 1956-  |g Виктор Владимирович  |3 (RuTPU)RU\TPU\pers\35757  |9 18914 
701 1 |a Юсубов  |b М. С.  |c химик  |c профессор Томского политехнического университета, доктор химических наук  |f 1961-  |g Мехман Сулейман-оглы (Сулейманович)  |3 (RuTPU)RU\TPU\pers\28058  |9 13020 
801 2 |a RU  |b 63413507  |c 20210302  |g RCR 
850 |a 63413507 
856 4 |u http://cs.hetchem.ru/-/gIrIORUk0xK777zvaPJXHQ/sv/document/f0/7f/8b/293596/520/ROCC-V%20abstracts.pdf#page=394 
942 |c CF